000 00601nam a2200217Ia 4500
003 OSt
005 20220928140152.0
006 a|||||r|||| 00| 0
007 ta
008 220927b |||||||| |||| 00| 0 eng d
024 _a7164
037 _cTextual
040 _aSDCL
_cSDCL
_beng
041 _2eng
_aeng
082 _aX:741, M0
100 _aBrahmananda P R
_9373898
245 0 _aGrowthless inflation by means of stockless money
_b A new classical treatise on rising prices
260 _c1980
942 _hX:741, M0
_cTEXL
_2CC
999 _c810260
_d810260